| Record ID | ia:yesisaidyesiwill0000mcda |
| Source | Internet Archive |
| Download MARC XML | https://archive.org/download/yesisaidyesiwill0000mcda/yesisaidyesiwill0000mcda_marc.xml |
| Download MARC binary | https://www.archive.org/download/yesisaidyesiwill0000mcda/yesisaidyesiwill0000mcda_meta.mrc |
LEADER: 00498cam a2200181 a 4500
001 96008547
003 DLC
005 19970303165454.8
008 960424s1996 flu 000 1 eng
010 $a 96008547
020 $a1562801384 (alk. paper)
040 $aDLC$cDLC$dDLC
050 00 $aPS3563.C3538$bY47 1996
082 00 $a813/.54$220
100 1 $aMcDaniel, Judith.
245 10 $aYes I said, yes I will /$cJudith McDaniel.
260 $aTallahassee, Fla. :$bNaiad Press,$c1996.
300 $a252 p. ;$c22 cm.